000 00200 a2200097 4500
001 8614
100 _aTariq Riaz
245 _aPak;The energy sector
260 _a
_bFerozsons
_c
090 _c6937
_d6937
942 _aNUST-CAE
_cM
_c33530
999 _c243687
_d243687